| 000 | 01150cad a22002415a 4500 | ||
|---|---|---|---|
| 001 | L151994 | ||
| 008 | 110120s2010 xxk f 000 0 eng d | ||
| 035 | _a(Sirsi) u151994 | ||
| 041 | 0 | _aeng | |
| 050 | 0 | 4 | _a347.4109 $2 18 |
| 100 | 1 | _aJaffe, Michael Evan | |
| 245 | 0 | 0 |
_aUS project disputes _bhas the time to consider adjudication finally arrived? _h[electronic resource] |
| 260 |
_aNew York _bPillsbury $2 010 |
||
| 520 | _aConsiders whether a contractual form of adjudication might be workable in the existing United States legal structure; alternative dispute resolution (ADR); adjudication in the United Kingdom; dispute review boards (DRB). | ||
| 590 | _aKA NTK | ||
| 651 | 4 |
_aUnited States _y1959- |
|
| 651 | 4 |
_aUnited Kingdom _y |
|
| 690 | _aMANAGEMENT-DISPUTE AVOIDANCE, MANAGEMENT AND RESOLUTION-DISPUTE MANAGEMENT AND RESOLUTION-ALTERNATIVE DISPUTE RESOLUTION-ADJUDICATION | ||
| 700 | 1 | _aMcHugh, Ronan J | |
| 710 | 1 | _aPillsbury Winthrop Shaw Pittman LLP | |
| 856 | 4 | 0 |
_uhttps://www.pillsburylaw.com/siteFiles/Publications/9EC20BBC1D479A2D0826D5C956690FF4.pdf _zView this item free of charge at www.pillsburylaw.com |
| 942 | _n0 | ||
| 999 |
_c111784 _d111784 |
||